Celebrity Image Chain Quiz Stats

 Plays Quiz Updated Oct 21, 2013

Support Sporcle.
Go Orange.
Score 0/20 Timer 04:00
0 Plays Today
% Correct
Orlando Bloom
89%
Sandra Bullock
87.2%
Amy Winehouse
81.5%
Hugh Grant
79.9%
Tina Fey
75.5%
Al Pacino
73.5%
Usain Bolt
70.4%
David Hasselhoff
69.9%
Zooey Deschanel
68.7%
Lucille Ball
68%
% Correct
Elijah Wood
66.1%
Mario Lopez
65.1%
Khloé Kardashian
62.1%
Neil Armstrong
55.2%
Liam Hemsworth
55.1%
Bette Davis
48.7%
Yogi Berra
46.9%
Tony Shalhoub
41.8%
Gérard Depardieu
35.4%
Francis Ford Coppola
18.5%

From the Vault

Remove Ads.
Support Sporcle.
Get the best of Sporcle when you Go Orange. This ad-free experience offers more features, more stats, and more fun while also helping to support Sporcle. Thank you for becoming a member.

Show Comments

Extras

Top Quizzes Today


Score Distribution

Your Account Isn't Verified!

In order to create a playlist on Sporcle, you need to verify the email address you used during registration. Go to your Sporcle Settings to finish the process.

Report this User

Report this user for behavior that violates our Community Guidelines.

Details: